[Event "Kragero op"]
[Site "Kragero"]
[Date "2024.02.21"]
[Round "2"]
[White "Platonovs, Nikolajs"]
[Black "Elsness, Frode"]
[Result "0-1"]
[WhiteElo "1995"]
[BlackElo "2436"]
[PlyCount "86"]
[EventDate "2024.02.21"]
[EventType "swiss"]
[EventRounds "9"]
[EventCountry "NOR"]
[SourceTitle "CB09_2024"]
[SourceDate "2024.02.28"]
[SourceVersion "1"]
[SourceVersionDate "2024.02.28"]
[SourceQuality "1"]

1. e4 e5 2. Nf3 Nc6 3. Bb5 a6 4. Ba4 Nf6 5. 0-0 b5 6. Bb3 Bc5 7. d3 d6 8. Re1 h6 9. a3 0-0 10. Nbd2 Ne7 11. Nf1 Ng6 12. Ng3 Be6 13. c3 Bb6 14. h3 c5 15. c4 Qd7 16. Nh2 Bd8 17. Qe2 Nh7 18. Nh5 Bg5 19. Be3 f5 20. exf5 Rxf5 21. Bd1 Raf8 22. Qc2 Nh4 23. Ng3 Qb7 24. Ne4 bxc4 25. dxc4 Bxe3 26. fxe3 Rf2 27. Re2 Rxe2 28. Bxe2 Ng5 29. Bd3 Bf5 30. Nxd6 Bxd3 31. Nxb7 Bxc2 32. Nxc5 Ne4 33. Nxe4 Bxe4 34. c5 Bxg2 35. Rd1 Bxh3 36. Rd6 Rf5 37. Rd8+ Kh7 38. Rd2 Rg5+ 39. Kf2 Rg2+ 40. Ke1 Rxh2 41. Rxh2 Nf3+ 42. Kf2 Nxh2 43. Kg3 Bd7 0-1

[Event "Solta op 6th"]
[Site "Grohote"]
[Date "2023.07.04"]
[Round "8"]
[White "Platonovs, Nikolajs"]
[Black "Markotic, Gordan"]
[Result "0-1"]
[WhiteElo "1739"]
[BlackElo "2265"]
[PlyCount "68"]
[EventDate "2023.06.27"]
[EventType "swiss"]
[EventRounds "9"]
[EventCountry "CRO"]
[SourceTitle "EXT 2024"]
[Source "ChessBase"]
[SourceDate "2023.10.10"]
[SourceVersion "1"]
[SourceVersionDate "2023.10.10"]
[SourceQuality "1"]

1. e4 c6 2. Nc3 d5 3. Nf3 dxe4 4. Nxe4 Nf6 5. Nxf6+ gxf6 6. d4 Bg4 7. Be2 e6 8. c3 Bd6 9. Be3 Qc7 10. Nd2 Bf5 11. Nc4 Be7 12. Qd2 Nd7 13. Bd3 Bxd3 14. Qxd3 Nb6 15. Nxb6 axb6 16. f4 f5 17. c4 Qd7 18. 0-0 b5 19. b3 Bf6 20. Rf2 0-0 21. Rd1 Rfd8 22. Rfd2 Ra3 23. cxb5 cxb5 24. d5 exd5 25. Qxd5 Qxd5 26. Rxd5 Re8 27. Bc5 Rxa2 28. Rxf5 Kg7 29. Bf2 Ree2 30. Rf1 Rxf2 31. Rc1 Rxg2+ 32. Kf1 Rxh2 33. Rg5+ Bxg5 34. Kg1 Bxf4 0-1

[Event "Wch U10"]
[Site "Batumi"]
[Date "2022.09.25"]
[Round "9"]
[White "Kuntelia, Luka"]
[Black "Platonovs, Nikolajs"]
[Result "0-1"]
[WhiteElo "1331"]
[BlackElo "1650"]
[PlyCount "64"]
[EventDate "2022.09.16"]
[EventType "swiss"]
[EventRounds "11"]
[EventCountry "GEO"]
[SourceTitle "EXT 2023"]
[Source "ChessBase"]
[SourceDate "2022.10.05"]
[SourceVersion "1"]
[SourceVersionDate "2022.10.05"]
[SourceQuality "1"]

1. e4 c5 2. Nf3 d6 3. d4 cxd4 4. Nxd4 Nf6 5. Nc3 a6 6. Bg5 e6 7. f4 Be7 8. Qd2 h6 9. Bxf6 Bxf6 10. 0-0-0 Nd7 11. Nb3 Be7 12. Kb1 b5 13. Bd3 Qc7 14. g4 Bb7 15. Qe3 b4 16. Ne2 d5 17. exd5 Bxd5 18. Be4 Nf6 19. Bf3 Qb7 20. Bxd5 Nxd5 21. Qg3 a5 22. f5 a4 23. Nbd4 e5 24. Qxe5 Ra5 25. Qg3 0-0 26. Nc1 Nc3+ 27. bxc3 bxc3+ 28. Ndb3 axb3 29. Nxb3 Qb4 30. h4 Rxa2 31. Kxa2 Qa3+ 32. Kb1 Qb2# 0-1

[Event "Wch U10"]
[Site "Batumi"]
[Date "2022.09.21"]
[Round "6"]
[White "Platonovs, Nikolajs"]
[Black "Huseynov, Ahmed"]
[Result "1/2-1/2"]
[WhiteElo "1650"]
[BlackElo "1328"]
[PlyCount "67"]
[EventDate "2022.09.16"]
[EventType "swiss"]
[EventRounds "11"]
[EventCountry "GEO"]
[SourceTitle "EXT 2023"]
[Source "ChessBase"]
[SourceDate "2022.10.05"]
[SourceVersion "1"]
[SourceVersionDate "2022.10.05"]
[SourceQuality "1"]

1. e4 e6 2. d4 d5 3. Nc3 Bb4 4. e5 c5 5. a3 Bxc3+ 6. bxc3 Ne7 7. Qg4 Kf8 8. Bd3 Qa5 9. Bd2 Qa4 10. Ra2 Nbc6 11. Nf3 Ng6 12. Bxg6 hxg6 13. 0-0 Bd7 14. Qf4 Ke7 15. Qe3 Rh5 16. Re1 Na5 17. dxc5 Nc4 18. Qd4 Rc8 19. Bg5+ Kf8 20. g4 Rh8 21. Nd2 Nxd2 22. Bxd2 Qb5 23. Be3 Rh4 24. f3 Bc6 25. Bf2 Rh8 26. f4 Bd7 27. Qb4 Bc6 28. a4 Qc4 29. Rb2 Rh3 30. Qxc4 dxc4 31. Re3 Rxe3 32. Bxe3 Bd7 33. Bd4 Rc7 34. a5 1/2-1/2

[Event "Wch U10"]
[Site "Batumi"]
[Date "2022.09.19"]
[Round "4"]
[White "Platonovs, Nikolajs"]
[Black "Garakhanov, Shamsi"]
[Result "1-0"]
[WhiteElo "1650"]
[BlackElo "1347"]
[PlyCount "62"]
[EventDate "2022.09.16"]
[EventType "swiss"]
[EventRounds "11"]
[EventCountry "GEO"]
[SourceTitle "EXT 2023"]
[Source "ChessBase"]
[SourceDate "2022.10.05"]
[SourceVersion "1"]
[SourceVersionDate "2022.10.05"]
[SourceQuality "1"]

1. e4 c5 2. Nf3 Nc6 3. d4 cxd4 4. Nxd4 Nf6 5. Nc3 d6 6. Bg5 e6 7. Qd2 Be7 8. 0-0-0 0-0 9. f4 Nxd4 10. Qxd4 Qa5 11. Kb1 Rd8 12. Be2 Bd7 13. Bf3 Bc6 14. h4 h6 15. g4 Qc5 16. Qd3 d5 17. e5 Ne4 18. Bxe7 Qxe7 19. Qd4 Nxc3+ 20. Qxc3 Rac8 21. Qd2 d4 22. Bxc6 bxc6 23. Qf2 c5 24. Rhe1 Rb8 25. f5 c4 26. fxe6 Qxe6 27. Rxd4 Rxb2+ 28. Kxb2 Qb6+ 29. Kc3 Qa5+ 30. Kxc4 Rxd4+ 31. Qxd4 Qxe1 1-0

[Event "Wch U10 blitz"]
[Site "Rhodes"]
[Date "2022.05.03"]
[Round "2"]
[White "Platonovs, Nikolajs"]
[Black "Bara, Jan"]
[Result "1-0"]
[WhiteElo "1322"]
[BlackElo "1543"]
[PlyCount "65"]
[EventDate "2022.05.03"]
[EventType "swiss (blitz)"]
[EventRounds "9"]
[EventCountry "GRE"]
[SourceTitle "CBM 208 Extra"]
[Source "ChessBase"]
[SourceDate "2022.07.31"]
[SourceVersion "1"]
[SourceVersionDate "2022.07.31"]
[SourceQuality "1"]

1. e4 c5 2. Nf3 d6 3. d4 cxd4 4. Nxd4 Nf6 5. Nc3 g6 6. f3 Bg7 7. Bc4 0-0 8. Be3 Nc6 9. Qd2 Nxd4 10. Bxd4 Be6 11. Bxe6 fxe6 12. 0-0-0 Qa5 13. Kb1 Rac8 14. g4 Nd7 15. Rdf1 Ne5 16. Bxe5 Qxe5 17. Nd1 Qf4 18. Qe2 Rc6 19. c3 Rb6 20. Rf2 Rc8 21. Qc2 Qe5 22. f4 Qb5 23. Rf3 a5 24. Rhf1 a4 25. f5 exf5 26. exf5 Qe5 27. fxg6 d5 28. h3 hxg6 29. Re3 Qd6 30. Rfe1 Re8 31. Qxa4 Ra6 32. Qxe8+ Kh7 33. Qf7 1-0

[Event "Wch U10 rapid"]
[Site "Rhodes"]
[Date "2022.05.01"]
[Round "1"]
[White "Platonovs, Nikolajs"]
[Black "Hansen, Patrick Noumedem"]
[Result "1-0"]
[WhiteElo "1551"]
[BlackElo "1238"]
[PlyCount "115"]
[EventDate "2022.05.01"]
[EventType "swiss (rapid)"]
[EventRounds "9"]
[EventCountry "GRE"]
[SourceTitle "CBM 208 Extra"]
[Source "ChessBase"]
[SourceDate "2022.07.31"]
[SourceVersion "1"]
[SourceVersionDate "2022.07.31"]
[SourceQuality "1"]

1. e4 c6 2. Nc3 d5 3. Nf3 dxe4 4. Nxe4 Nf6 5. Nxf6+ exf6 6. d4 Bg4 7. Be3 Nd7 8. h3 Bh5 9. Be2 Be7 10. 0-0 f5 11. c4 0-0 12. b3 g6 13. Qd2 Bxf3 14. Bxf3 Bf6 15. Rad1 Nb6 16. Rfe1 Re8 17. g4 fxg4 18. hxg4 Qd7 19. Kg2 Rad8 20. g5 Bg7 21. Rh1 f6 22. gxf6 Bxf6 23. d5 cxd5 24. Bxb6 axb6 25. Bxd5+ Qe6 26. Bxe6+ Rxe6 27. Qh6 Rxd1 28. Qxh7+ Kf8 29. Rxd1 Re5 30. Rd7 Re7 31. Rd8+ Re8 32. Rxe8+ Kxe8 33. Qxg6+ Ke7 34. Qxf6+ Kxf6 35. Kf3 Kf5 36. a4 Ke5 37. Ke3 Kd6 38. Kd4 Ke6 39. Ke4 Kd6 40. b4 Ke6 41. f4 Kf6 42. c5 bxc5 43. bxc5 Ke6 44. f5+ Kf6 45. a5 Kf7 46. c6 bxc6 47. a6 c5 48. a7 c4 49. a8Q c3 50. Qd5+ Ke8 51. Qc6+ Kf7 52. Qxc3 Kg8 53. Qf6 Kh7 54. Qf7+ Kh8 55. Qd7 Kg8 56. f6 Kf8 57. Qe7+ Kg8 58. Qg7# 1-0

[Event "Online Friendship U12"]
[Site "Tornelo INT"]
[Date "2020.11.21"]
[Round "3.5"]
[White "Gurevich, Michele"]
[Black "Platonovs, Nikolajs"]
[Result "0-1"]
[WhiteElo "1104"]
[BlackElo "1345"]
[PlyCount "82"]
[EventDate "2020.11.21"]
[EventType "team-swiss"]
[EventRounds "7"]
[EventCountry "BLR"]
[SourceTitle "CBM 199 Extra"]
[Source "ChessBase"]
[SourceDate "2021.01.31"]
[SourceVersion "1"]
[SourceVersionDate "2021.01.31"]
[SourceQuality "1"]
[WhiteTeam "Czech Interchess Academy"]
[BlackTeam "Latvia Riga Chess School"]
[WhiteTeamCountry "CZE"]
[BlackTeamCountry "LAT"]

1. e4 c5 2. Nf3 d6 3. Nc3 Nf6 4. Bc4 e6 5. Bb3 Be7 6. 0-0 0-0 7. d3 a6 8. e5 dxe5 9. Nxe5 b5 10. f4 Qd4+ 11. Kh1 Bb7 12. Rg1 Nbd7 13. Nf3 Qd6 14. Qe2 Qc6 15. Nd1 a5 16. a3 a4 17. Ba2 Nd5 18. Nf2 N7f6 19. Bd2 Bd6 20. Nh3 Nh5 21. Nfg5 Nhxf4 22. Qg4 Nxh3 23. Qxh3 h6 24. Nf3 Nf4 25. Bxf4 Bxf4 26. Qg4 Be3 27. Rge1 Bd4 28. Nxd4 cxd4 29. Rg1 Qxc2 30. Qxd4 Rfd8 31. Qg4 Rxd3 32. Bb1 Qxg2+ 33. Qxg2 Bxg2+ 34. Rxg2 Rd1+ 35. Rg1 Rd2 36. Be4 Rad8 37. Raf1 Rxb2 38. Rf3 Rdd2 39. Rh3 Re2 40. Bb1 Kf8 41. Bd3 Red2 0-1

[Event "Online Friendship U12"]
[Site "Tornelo INT"]
[Date "2020.11.21"]
[Round "5.5"]
[White "Ndreko, Ailin"]
[Black "Platonovs, Nikolajs"]
[Result "0-1"]
[WhiteElo "1063"]
[BlackElo "1345"]
[PlyCount "44"]
[EventDate "2020.11.21"]
[EventType "team-swiss"]
[EventRounds "7"]
[EventCountry "BLR"]
[SourceTitle "CBM 199 Extra"]
[Source "ChessBase"]
[SourceDate "2021.01.31"]
[SourceVersion "1"]
[SourceVersionDate "2021.01.31"]
[SourceQuality "1"]
[WhiteTeam "Albania"]
[BlackTeam "Latvia Riga Chess School"]
[WhiteTeamCountry "ALB"]
[BlackTeamCountry "LAT"]

1. e4 c5 2. Nf3 d6 3. Nc3 Nf6 4. Bc4 e6 5. d3 Be7 6. 0-0 0-0 7. Be3 a6 8. a4 Nbd7 9. Nd2 Ne5 10. h3 d5 11. exd5 exd5 12. Ba2 d4 13. Bf4 dxc3 14. b3 Ng6 15. Be3 cxd2 16. Bxd2 b5 17. Qf3 Rb8 18. Qg3 Bd6 19. Qf3 Bb7 20. Qe3 Re8 21. Qg5 h6 22. Qf5 Nh4 0-1